| 000 | 00944nam a2200301 4500 | ||
|---|---|---|---|
| 003 | EG-GICUC | ||
| 005 | 20260413202424.0 | ||
| 008 | 251209s1996 sz ||||fr|||| 00| 0 fre d | ||
| 020 | _a2233003004 | ||
| 040 |
_a EG-GICUC _bfre _c EG-GICUC _d EG-GICUC _erda |
||
| 041 | 0 | _afre | |
| 082 | 0 | 4 |
_221 _a341.23 _bLU . N |
| 092 | 0 | 4 | _221 |
| 099 | _aLaw1 11 341.23 LU . N 1996 | ||
| 100 | 1 |
_aCondorelli,Luigi _eAuteur |
|
| 245 | 1 | 0 |
_aLes Nations Unies Et Le Dorit International Humanitaire / _cLuigi Condorelli. |
| 246 | 1 | _aThe United Nations And International Humanitarian Law. | |
| 264 | 1 |
_aParis : _c1996. |
|
| 300 |
_a506 Pages; _c24 cm. |
||
| 336 |
_2rda content _atext |
||
| 337 |
_2rda media _aComputer |
||
| 338 |
_2rda carrier _aOnline Resource |
||
| 546 | _aTexte en français | ||
| 650 | 1 | _aDroit international public | |
| 856 | 4 | 0 | _uhttps://fll.law.cu.edu.eg/fulltext/bks/B11-05182.pdf |
| 905 | _a59 | ||
| 942 |
_2ddc _n0 _cBK _e21 |
||
| 999 |
_c49331 _d49331 |
||